| 000 | 01113nam a22003257a 4500 | ||
|---|---|---|---|
| 003 | CHAP | ||
| 005 | 20220329141137.0 | ||
| 008 | 971010s1976 r 00010 d | ||
| 010 | _a63340 | ||
| 011 | _a64312 | ||
| 035 | _a69606 | ||
| 040 | _cCHAP | ||
| 082 |
_a632.58 _bM3 1976 |
||
| 100 | 0 | 0 |
_aMarzocca, Angel. _972737 |
| 245 | _aManual de malezas | ||
| 250 | _a3 ed | ||
| 260 |
_aBuenos Aires : _bHemisferio Sur, _c1976 |
||
| 300 |
_a564 p. _b: ilus. |
||
| 590 |
_aBATCH-UPD _b10 _c20130110 _lUCH01 _h0911 |
||
| 590 |
_aCONVERSION _b10 _c20130109 _lUCH01 _h1334 |
||
| 650 | 1 | 4 |
_aHerbicidas. _953691 |
| 650 | 1 | 4 |
_aMalas hierbas. _969996 |
| 901 | _aBK | ||
| 942 | _cLIBRO | ||
| 949 |
_a632.58 M3 1976 _bBC _cLIBRO _d-146685 _eLIBRO _h28288 _i69606 _si _t570.00 |
||
| 949 |
_a632.58 M3 1976 _bBC _cLIBRO _d33724000659892 _eLIBRO _fc.3 _h46722 _i69606 _si _t570.00 |
||
| 949 |
_a632.58 M3 1976 _bBC _cLIBRO _d33724000899399 _eLIBRO _fc.4 _h46723 _i69606 _si _t570.00 |
||
| 949 |
_a632.58 M3 1976 _bBC _cLIBRO _d33724000918918 _eLIBRO _fc.2 _h46721 _i69606 _so _t570.00 |
||
| 949 |
_a632.58 M3 1976 _bP _cLIBRO _d-1820 _eLIBRO _h726 _i69606 _si |
||
| 999 |
_c63340 _d63340 |
||